Koordinátor prevencie

Nárast problémov, rizikového správania a sociálno-patologických javov u žiakov základných a stredných škôl. Prevencia, ktorá je dominantným výchovným a socializačným činiteľom a zároveň plní viaceré funkcie. Každodenná práca učiteľov.

Gespeichert in:
Bibliographische Detailangaben
1. Verfasser: Emmerová, Ingrid
Format: Buchkapitel
Sprache:Slowakisch
Schlagworte:
Tags: Tag hinzufügen
Keine Tags, Fügen Sie das erste Tag hinzu!

MARC

LEADER 00000naa a2200000 4500
001 0230036
005 20220805074034.1
041 0 |a slo 
044 |a SK 
245 1 0 |a Koordinátor prevencie  |c Ingrid Emmerová 
520 |a Nárast problémov, rizikového správania a sociálno-patologických javov u žiakov základných a stredných škôl. Prevencia, ktorá je dominantným výchovným a socializačným činiteľom a zároveň plní viaceré funkcie. Každodenná práca učiteľov. 
610 2 0 |a školstvo 
610 2 0 |a školy základné 
610 2 0 |a školy stredné 
610 2 0 |a výchova 
610 2 0 |a žiaci 
610 2 0 |a správanie asociálne 
610 2 0 |a socializácia 
610 2 0 |a prevencia sociálna 
610 2 0 |a koordinácia 
100 1 |a Emmerová, Ingrid